Statistics for Billboard Hot 69 July 15th, 2022

Click here to take the quiz!

General Stats

  • This quiz has been taken 35 times
  • The average score is 15 of 69

Answer Stats

SingerAnswer% Correct
Harry StylesAs It Was
89%
Kate BushRunning Up That Hill
67%
The Kid Laroi &
Justin Bieber
Stay
67%
Jack HarlowFirst Class
56%
Glass AnimalsHeat Waves
56%
LizzoAbout Damn Time
44%
LattoBig Energy
44%
Ed SheeranBad Habits
33%
Dove CameronBoyfriend
33%
BeyonceBreak My Soul
33%
ShiversEd Sheeran
33%
Imagine Dragons
X JID
Enemy
33%
Doja CatGet Into It
33%
Justin BieberGhost
33%
Harry StylesLate Night Talking
33%
Megan Thee Stallion &
Dua Lipa
Sweetest Pie
33%
Lil Nas XThat's What I Want
33%
Doja CatWoman
33%
Camila CabelloBam Bam
22%
Elton John &
Dua Lipa
Cold Heart
22%
JojiGlimpse Of Us
22%
Cardi B, Ye &
Lil Durk
Hot Shit
22%
Post MaloneI Like You
22%
DrakeJimmy Cooks
22%
MetallicaMaster Of Puppets
22%
Bad BunnyMoscow Mule
22%
Em BeiholdNumb Little Bug
22%
Zach BryanSomething In The Orange
22%
Jelly RollSon Of A Sinner
22%
Kodak BlackSuper Gremlin
22%
Bad BunnyTiti Me Pregunto
22%
Doja CatVegas
22%
FutureWait For U
22%
Morgan WallenWasted On You
22%
Ed Sheeran2step
11%
Tyler Hubbard5 Foot 9
11%
Post MaloneCooped Up
11%
Scotty McCreeryDamn Strait
11%
Bad BunnyDespues de La Playa
11%
Bad BunnyEfecto
11%
Bailey ZimmermanFall In Love
11%
ERNESTFlower Shops
11%
City Girls & UsherGood Love
11%
Lady GagaHold My Hand
11%
OneRepublicI Ain't Worried
11%
Lil BabyIn A Minute
11%
Jon PardiLast Night Lonely
11%
Charlie PuthLeft And Right
11%
Kane BrownLike I Love Country Music
11%
DrakeMassive
11%
Bad BunnyMe Porto Bonito
11%
Bad Bunny &
Rauw Alejandro
Party
11%
Karol GProvenza
11%
FuturePuffin On Zootiez
11%
Bailey ZimmermanRock And A Hard Place
11%
Cole SwindellShe Had Me At Heads Carolina
11%
Kendrick LamarSilent Hill
11%
SleazyworldSleazy Flow
11%
HalseySo Good
11%
DrakeSticky
11%
Nicky Youre &
dazy
Sunroof
11%
ParmaleeTake My Name
11%
Bad BunnyTarot
11%
The Kid LaroiThousand Miles
11%
Jason AldeanTrouble With A Heartbreak
11%
Lil DurkWhat Happened To Virgil
11%
Shawn MendesWhen You're Gone
11%
Morgan WallenYou Proof
11%
Luke CombsThe Kinda Love We Make
0%

Score Distribution

Percentile by Number Answered

Percent of People with Each Score

Your Score History

You have not taken this quiz